Gaming Quiz

Random Gaming or Video Games Quiz
Score 0/15 Timer 02:00
2 Plays Today
% Correct
Cherry
92.3%
Cherry
92.2%
Apple
79.8%
Apple
79.8%
Orange
79.2%
Banana
75.5%
Strawberry
71.5%
Strawberry
71.5%
% Correct
Pineapple
44.6%
Pear
40.9%
Apricot
37%
Pretzel
29.8%
Key
16.2%
Galaxian Ship
9.7%
Bell
9.1%
Remove Ads.
Support Sporcle.
Get the best of Sporcle when you Go Orange. This ad-free experience offers more features, more stats, and more fun while also helping to support Sporcle. Thank you for becoming a member.

You're not logged in!

Compare scores with friends on all Sporcle quizzes.
OR
Log In

Sporcle TV

Today on Sporcle TV


Watch our educational content, quiz creation guides, and fun videos on Sporcle TV.

Show Comments

Extras

Top Quizzes Today


Score Distribution

Paid Content

Your Account Isn't Verified!

In order to create a playlist on Sporcle, you need to verify the email address you used during registration. Go to your Sporcle Settings to finish the process.

Report this User

Report this user for behavior that violates our Community Guidelines.

Details: